Карта осадков / (Record no. 215019)
[ view plain ]
| 000 -LEADER | |
|---|---|
| fixed length control field | 00856nem a2200229 a 4500 |
| 001 - CONTROL NUMBER | |
| control field | 000555520 |
| 003 - CONTROL NUMBER IDENTIFIER | |
| control field | AM-YeHGA |
| 005 - DATE AND TIME OF LATEST TRANSACTION | |
| control field | 20250617140159.0 |
| 007 - PHYSICAL DESCRIPTION FIXED FIELD--GENERAL INFORMATION | |
| fixed length control field | aj canzn |
| 008 - FIXED-LENGTH DATA ELEMENTS--GENERAL INFORMATION | |
| fixed length control field | 071030s1947 |||||| a || | o rus d |
| 034 1# - CODED CARTOGRAPHIC MATHEMATICAL DATA | |
| Category of scale | a |
| Constant ratio linear horizontal scale | 10000000 |
| 040 ## - CATALOGING SOURCE | |
| Original cataloging agency | AM-YeHGA |
| 041 0# - LANGUAGE CODE | |
| Language code of text/sound track or separate title | rus |
| 090 ## - LOCALLY ASSIGNED LC-TYPE CALL NUMBER (OCLC); LOCAL CALL NUMBER (RLIN) | |
| -- | 216536 |
| 245 00 - TITLE STATEMENT | |
| Title | Карта осадков / |
| Medium | [карты] : |
| Statement of responsibility, etc. | Совет по изуч. производ. сил АН СССР; Отв. за тех. сост. П.С. Подгорненский. |
| 255 ## - CARTOGRAPHIC MATHEMATICAL DATA | |
| Statement of scale | Масштаб 1:10 000 000 |
| 260 ## - PUBLICATION, DISTRIBUTION, ETC. | |
| Place of publication, distribution, etc. | Москва : |
| Name of publisher, distributor, etc. | ЦВКФ им. Дунаева, |
| Date of publication, distribution, etc. | 1947. |
| 300 ## - PHYSICAL DESCRIPTION | |
| Extent | 1 к. (1 л.). |
| 650 14 - SUBJECT ADDED ENTRY--TOPICAL TERM | |
| Topical term or geographic name entry element | Карта осадков |
| 650 14 - SUBJECT ADDED ENTRY--TOPICAL TERM | |
| Topical term or geographic name entry element | Картографические произведения |
| 710 2# - ADDED ENTRY--CORPORATE NAME | |
| Corporate name or jurisdiction name as entry element | Совет по изучению производительных сил АН СССР |
| Withdrawn status | Lost status | Source of classification or shelving scheme | Damaged status | Not for loan | Collection | Home library | Current library | Date acquired | Total checkouts | Full call number | Barcode | Date last seen | Price effective from | Koha item type | Public note |
|---|---|---|---|---|---|---|---|---|---|---|---|---|---|---|---|
| Universal Decimal Classification | Maps, atlases | Fundamental Scientific Library | Fundamental Scientific Library | 28/12/2016 | K-103 | FL0020822 | 28/12/2016 | 28/12/2016 | Քարտեզներ / Maps | ILL Non-Circ. |
ՀՀ Գիտությունների ազգային ակադեմիայի հիմնարար գիտական գրադարան = Fundamental Scientific Library of NAS RA
All site content, except where otherwise noted, is licensed under a